000 01006nam0a22002651 4500
001 rc\2947036
005 20250529233227.0
035 _a(NLR Aleph) 007095058
090 _a6613011
_c6613011
100 _a20110828d1937 |||y0rusy50 ca
101 0 _arus
102 _aRU
105 _aa z |||||
200 1 _aПоражения вегетативной нервной системы, вызываемые боевыми ОВ
_fСборник работ под ред. проф. С.С. Вайль
_gСан.-хим. ин-т. Отд. здравоохранения. Ленингр. отд. РК и КД
210 _aЛенинград
_cБ. и.
_d1937
215 _a108 с.
_cил.
_d25 см
320 _aБиблиогр. в конце отд. статей
333 _aНе подлежит оглашению
333 _aЭкз. № 70, 436
702 1 _aВайль
_bС.С.
_4340
801 0 _aRU
_bNLR
_gpsbo
801 1 _aRU
_bELAR
_2rusmarc
852 _aNLR
_j66-5/3571
942 _cBOOK
980 _aNB